000 00387 a2200121 4500
020 _a0444896139 (acid-free paper)
082 _a624.1513 PUS
100 _aPusch, Roland.
245 _aRock mechanics on a geological base /
_cR. Pusch.
260 _aAmsterdam ;
_aNew York :
_bElsevier,
_c1995.
300 _axix, 498 p. :
_bill. (some col.), maps ;
_c25 cm.
650 _aRock mechanics.
650 _aEngineering geology.
999 _c999
_d999